[Event "Wichern op"]
[Site "Hamburg"]
[Date "1995.??.??"]
[Round "1"]
[White "Pehlgrim, Andreas"]
[Black "Mednis, Edmar John"]
[Result "0-1"]
[WhiteElo "2210"]
[BlackElo "2420"]

1.d4 Nf6 2.c4 e6 3.Nc3 Bb4 4.Nf3 c5 5.Bg5 h6 6.Bd2 O-O 7.e3 b6 8.Bd3 Bb7
9.O-O cxd4 10.exd4 Be7 11.Re1 d5 12.Qe2 dxc4 13.Bxc4 Nc6 14.Rad1 Nb4 15.d5 Nbxd5
16.Ne5 Rc8 17.Nb5 a6 18.Nd4 b5 19.Bb3 Qb6 20.Bxh6 gxh6 21.Ng4 Kg7 22.Nxf6 Bxf6
23.Qg4+ Kh8 24.Nxe6 fxe6 25.Rxe6 Qc7 26.Bxd5 Bxd5 27.Rxd5 Qg7 28.Qd1 Bxb2
29.Rd7 Qxd7 30.Rxh6+ Kg8  0-1

[Event "Hastings Masters"]
[Site "Hastings"]
[Date "1995.??.??"]
[Round "7"]
[White "Atalik, Suat"]
[Black "Ward, Christopher"]
[Result "1/2-1/2"]
[WhiteElo "2525"]
[BlackElo "2500"]

1.d4 Nf6 2.c4 e6 3.Nc3 Bb4 4.Nf3 b6 5.Qc2 c5 6.dxc5 bxc5 7.e3 Bb7 8.Bd3 O-O
9.O-O Bxf3 10.gxf3 d5 11.cxd5 exd5 12.Rd1 Bxc3 13.Qxc3 Nbd7 14.b4 cxb4 15.Qxb4 Ne5
16.Be2 Qc8 17.Bb2 Rb8 18.Qc3 Nc4 19.Bxc4 Qxc4 20.Qxc4 dxc4 21.Rab1 Rfc8  1/2-1/2

[Event "Horgen"]
[Site "Horgen"]
[Date "1995.??.??"]
[Round "6"]
[White "Ehlvest, Jaan"]
[Black "Jussupow, Artur"]
[Result "1/2-1/2"]
[WhiteElo "2630"]
[BlackElo "2680"]

1.d4 Nf6 2.c4 e6 3.Nf3 Bb4+ 4.Nc3 O-O 5.Bg5 d6 6.e3 Nbd7 7.Be2 Bxc3+ 8.bxc3 b6
9.O-O Bb7 10.Nd2 e5 11.Qc2 Qe7 12.Rae1 h6 13.Bh4 Rae8 14.f3 exd4 15.exd4 Qd8
16.Bd3 Rxe1 17.Rxe1 Re8 18.Ne4 Qc8 19.Qd2 Nxe4 20.fxe4 Nf8 21.Qf2 Qd7 22.Bg3  1/2-1/2

[Event "HUN-chT2 9495"]
[Site "HUN"]
[Date "1995.??.??"]
[Round "?"]
[White "Deak, Sandor"]
[Black "Loginov, Valery A"]
[Result "0-1"]
[WhiteElo "2325"]
[BlackElo "2550"]

1.d4 Nf6 2.c4 e6 3.Nc3 Bb4 4.Nf3 c5 5.g3 cxd4 6.Nxd4 O-O 7.Bg2 d5 8.Qb3 Bxc3+
9.bxc3 Nc6 10.cxd5 Na5 11.Qc2 Nxd5 12.e4 Nb6 13.e5 Bd7 14.O-O Rc8 15.Qe4 Nbc4
16.Re1 Rc5 17.Qf4 Qc7 18.Nb3 Rxe5 19.Rxe5 Nxe5 20.Ba3 Rc8 21.Nxa5 Qxa5 22.Bb4 Qc7
23.Rd1 Nc4 24.Qh4 Be8 25.Be7 f6 26.Bd8 Rxd8 27.Rxd8 Qxd8 28.Qxc4 Qd1+ 29.Bf1 Kf7
30.Qc7+ Qd7 31.Qf4 b6 32.h4 Qc8 33.c4 Bc6 34.h5 e5 35.Qd2 h6 36.Bg2 Bxg2
37.Kxg2 Qc6+ 38.Kg1 Ke7 39.Qb4+ Qc5 40.Qb3 e4 41.Qc2 e3 42.Qe4+ Qe5 43.Qb7+ Kd6
44.fxe3 Qxg3+ 45.Kf1 Qxe3 46.Qxa7 Qf3+ 47.Ke1 Qg3+ 48.Kf1 Kc5 49.Qf7 Qf4+
50.Ke1 Qe4+ 51.Kf2 Qxc4 52.Qc7+ Kb5 53.Qxg7 Qxa2+ 54.Kg3 Qb3+ 55.Kf4 Qc3
56.Qg6 Kc5 57.Kg4 Qd4+ 58.Kf3 Qd5+ 59.Kf2 Qd2+ 60.Kf3 Qg5 61.Ke2 Qf4 62.Kd3 b5
63.Kc3 b4+ 64.Kb3 Qe3+ 65.Kb2 Qd2+ 66.Ka1 b3 67.Qf5+ Qd5 68.Qc8+ Qc6 69.Qf8+ Kc4
70.Qg8+ Kb4 71.Qb8+ Ka4 72.Qa7+ Kb5 73.Qb8+ Kc4 74.Qf4+ Kc5 75.Qe3+ Kb4 76.Qf4+ Ka3  0-1

[Event "HUN-chT1"]
[Site "HUN"]
[Date "1995.??.??"]
[Round "?"]
[White "Velvart, Peterne"]
[Black "Porubszky Angyalosine, Maria A"]
[Result "1-0"]
[WhiteElo "2145"]
[BlackElo "2225"]

1.d4 Nf6 2.c4 e6 3.Nc3 Bb4 4.Nf3 b6 5.Bg5 Bb7 6.e3 O-O 7.Bd3 h6 8.Bh4 Bxc3+
9.bxc3 d6 10.Qe2 Nbd7 11.e4 e5 12.d5 Nc5 13.Bc2 c6 14.O-O cxd5 15.cxd5 Ba6
16.c4 Rc8 17.Nd2 g5 18.Bg3 Qd7 19.a4 Nb7 20.h4 Kg7 21.hxg5 hxg5 22.Qe3 Nh7
23.Bd3 Na5 24.c5 Bxd3 25.c6 Qg4 26.Qxd3 Nf6 27.Rfe1 Rh8 28.Nf1 Qh5 29.f3 Qh7
30.Ne3 Nh5 31.Nf5+ Kf6 32.Kf2 Nf4 33.Qa3 Nb7 34.Bxf4 gxf4 35.cxb7 Rc5 36.Rac1 Qg8
37.Rxc5 dxc5 38.a5 Qb8 39.axb6 axb6 40.Qa6 Qc7 41.Rb1  1-0

[Event "HUN-chT2 9495"]
[Site "HUN"]
[Date "1995.??.??"]
[Round "?"]
[White "Vargyas, Zoltan"]
[Black "Marton, Jozsef"]
[Result "1/2-1/2"]
[WhiteElo "2255"]
[BlackElo "2160"]

1.d4 Nf6 2.c4 e6 3.Nc3 Bb4 4.Nf3 b6 5.Qb3 c5 6.e3 Bb7 7.Be2 Nc6 8.O-O Bxc3
9.Qxc3 O-O 10.Rd1 Ne4 11.Qc2 Nb4 12.Qb3 a5 13.a4 Rc8  1/2-1/2

[Event "HUN-chT2 9495"]
[Site "HUN"]
[Date "1995.??.??"]
[Round "?"]
[White "Vargyas, Zoltan"]
[Black "Korsos, Imre"]
[Result "1/2-1/2"]
[WhiteElo "2255"]
[BlackElo "2180"]

1.d4 e6 2.c4 Nf6 3.Nc3 Bb4 4.Nf3 c5 5.g3 b6 6.Bg2 Bb7 7.O-O cxd4 8.Qxd4 Nc6
9.Qd3 O-O 10.Bf4 Na5 11.Rfd1 Rc8 12.b3  1/2-1/2

[Event "HUN-chT2 9495"]
[Site "HUN"]
[Date "1995.??.??"]
[Round "?"]
[White "Radnoti, Gergely"]
[Black "Vargyas, Zoltan"]
[Result "1-0"]
[WhiteElo "2095"]
[BlackElo "2255"]

1.d4 Nf6 2.c4 e6 3.Nc3 Bb4 4.Nf3 c5 5.e3 Nc6 6.Bd3 O-O 7.O-O Re8 8.Ne5 cxd4
9.Nxc6 bxc6 10.exd4 d5 11.Bg5 Be7 12.Re1 Rb8 13.Rb1 Qa5 14.Bd2 Qc7 15.cxd5 exd5
16.Na4 Ne4 17.Bxe4 dxe4 18.Rxe4 Bf5 19.Bf4 Qa5 20.Qe1 Qxa4 21.Bxb8 Bxe4 22.Qxe4 c5
23.b3 Qd7 24.Be5 f6 25.Bf4 Bd8 26.Qd3 Qxd4 27.Qc4+ Kh8 28.Be3 Qxc4 29.bxc4 Bb6
30.Kf1 Re4 31.Bxc5 Rxc4 32.Bxb6 axb6 33.Rxb6 Kg8 34.Ra6 Rc2 35.Ra7 h6 36.a4 Ra2
37.a5 Kh7 38.a6 Kg6 39.g3 h5 40.Kg2 Ra3 41.Ra8 Kh7 42.Kh3 Rf3 43.a7 Ra3 44.Kh4 Ra4+
45.f4 Kg6 46.g4 hxg4 47.Kxg4 f5+ 48.Kf3 Ra3+ 49.Ke2 Kf7 50.h4 Kg6 51.h5+ Kh7
52.Kd2 Ra6 53.Kd3 Ra4 54.Kc3 Ra6 55.Kb4 Ra1 56.Kb5 Ra2 57.Kb6 Rb2+ 58.Kc7 Ra2
59.Kd6 Ra1 60.Ke5 Ra5+ 61.Ke6 Ra6+ 62.Kxf5 Ra5+ 63.Ke6 Ra6+ 64.Ke7 Ra5 65.f5 Re5+
66.Kd7 Rxf5 67.Rh8+ Kxh8 68.a8=Q+  1-0

[Event "HUN-chT2 9495"]
[Site "HUN"]
[Date "1995.??.??"]
[Round "?"]
[White "Radnoti, Gergely"]
[Black "Paksa, Rudolf"]
[Result "0-1"]
[WhiteElo "2095"]
[BlackElo "2340"]

1.d4 Nf6 2.c4 e6 3.Nc3 Bb4 4.Nf3 O-O 5.e3 d5 6.Bd3 Nbd7 7.O-O a6 8.a3 Bxc3
9.bxc3 Re8 10.cxd5 exd5 11.c4 dxc4 12.Bxc4 b5 13.Ba2 Bb7 14.Bb2 Rc8 15.Rc1 h6
16.Re1 Qe7 17.Nd2 c5 18.dxc5 Nxc5 19.Nb3 Red8 20.Bd4 Nxb3 21.Qxb3 Rxc1 22.Rxc1 Nd5
23.Qb2 Nf4 24.exf4 Qe4 25.f3 Qxd4+ 26.Qxd4 Rxd4 27.Bxf7+ Kxf7 28.Rc7+ Kf6
29.Rxb7 Ra4 30.Kf2 Rxa3 31.Ke2 Ra2+ 32.Kd3 Rxg2 33.Rb6+ Kf5 34.Rxa6 Kxf4
35.Rb6 Kxf3 36.h4 Rg4  0-1

[Event "HUN-chT2 9495"]
[Site "HUN"]
[Date "1995.??.??"]
[Round "?"]
[White "Husek, Zdenek"]
[Black "Nagy, Zoltan"]
[Result "1-0"]
[WhiteElo "2270"]
[BlackElo "2250"]

1.d4 Nf6 2.c4 e6 3.Nc3 Bb4 4.Nf3 b6 5.g3 Bb7 6.Bg2 O-O 7.O-O Re8 8.Bf4 Bxc3
9.bxc3 d6 10.Qb3 Nbd7 11.Rfd1 Qe7 12.h3 Nh5 13.Bg5 f6 14.Be3 f5 15.Bg5 Nhf6
16.a4 a5 17.Nh4 Bxg2 18.Kxg2 h6 19.Bc1 g5 20.Nf3 Kg7 21.Ba3 Ne4 22.Ne5 f4
23.Qc2 Nxe5 24.dxe5 Nc5 25.gxf4 dxe5 26.Bxc5 Qxc5 27.Qe4 Rad8 28.fxe5 Rf8
29.e3 Qe7 30.Rd4 Qf7 31.Ra2 Qf5 32.Qxf5 exf5 33.Rad2 Rde8 34.Rd7+ Rf7 35.Rxf7+ Kxf7
36.Rd7+ Re7 37.Rxe7+ Kxe7 38.h4 g4 39.Kg3 Ke6 40.Kf4 h5 41.e4 fxe4 42.Kxe4 c6
43.Kf4 b5 44.cxb5 cxb5 45.axb5 a4 46.b6 a3 47.b7 a2 48.b8=Q a1=Q 49.Qe8+ Kd5
50.Qd7+ Kc5 51.Qd6+ Kb5 52.Qd5+ Kb6 53.Qd4+ Kc7 54.e6 Qc1+ 55.Qe3  1-0

[Event "Papp Bela mem"]
[Site "HUN"]
[Date "1995.??.??"]
[Round "?"]
[White "Rogozenko, Dorin"]
[Black "Bako, Viktor"]
[Result "1-0"]
[WhiteElo "2440"]
[BlackElo "2265"]

1.d4 Nf6 2.c4 e6 3.Nc3 Bb4 4.Nf3 O-O 5.Bg5 h6 6.Bh4 c5 7.d5 d6 8.e3 Bxc3+
9.bxc3 e5 10.Nd2 Bf5 11.e4 Bc8 12.Bd3 Nbd7 13.f3 Re8 14.Bf2 Nf8 15.g3 Ng6
16.Be3 Qa5 17.Qe2 h5 18.Nb3 Qa4 19.O-O h4 20.Nc1 Qd7 21.Qg2 Qa4 22.Bg5 Nh5
23.f4 hxg3 24.hxg3 f6 25.f5 fxg5 26.fxg6 Nf6 27.Qh2 Re7 28.Qd2 g4 29.Rb1 b6
30.Rb2 Ba6 31.Qg5 Rf8 32.Rh2 Qe8 33.Kg2  1-0

[Event "HUN-chT1 9596"]
[Site "HUN"]
[Date "1995.??.??"]
[Round "3"]
[White "Navarovszky, Laszlo"]
[Black "Besztercsenyi, Tibor"]
[Result "1-0"]
[WhiteElo "2295"]
[BlackElo "2275"]

1.d4 Nf6 2.c4 e6 3.Nc3 Bb4 4.Nf3 Ne4 5.Qc2 f5 6.e3 O-O 7.Bd3 Nxc3 8.bxc3 Be7
9.O-O d6 10.e4 Qe8 11.exf5 exf5 12.Re1 Qf7 13.c5 Nc6 14.Qe2 Bf6 15.cxd6 cxd6
16.Ba3 Rd8 17.Bxd6 Rxd6 18.Bc4  1-0

[Event "ISL-chT"]
[Site "Island"]
[Date "1995.??.??"]
[Round "?"]
[White "Thorsteins, Karl"]
[Black "Jonsson, Bjorgvin"]
[Result "1-0"]
[WhiteElo "2500"]
[BlackElo "2390"]

1.d4 Nf6 2.c4 e6 3.Nc3 Bb4 4.Nf3 c5 5.g3 cxd4 6.Nxd4 O-O 7.Bg2 d5 8.cxd5 Nxd5
9.Qb3 Qe7 10.Nc2 Ba5 11.O-O Nxc3 12.bxc3 Bb6 13.Rd1 Nc6 14.Ba3 Bc5 15.Rab1 e5
16.Bxc5 Qxc5 17.Ne3 Rb8 18.Qb5 Qxb5 19.Rxb5 Be6 20.Rdb1 Rbc8 21.Rxb7 Bxa2
22.Ra1 Be6 23.Ra3 Rfd8 24.f4 exf4 25.gxf4 g6 26.Kf2 a5 27.h4 Rd2 28.h5 Kg7
29.Rb6 Ne7 30.Ke1 Ra2 31.Rxe6 Rxa3 32.Rxe7 Rcxc3 33.Ng4 gxh5 34.Ne5 Re3 35.Rxf7+ Kh8
36.Kf2 a4 37.Nc4 Rec3 38.Nxa3 Rxa3 39.Be4 Rh3 40.Rxh7+ Kg8 41.Ra7 a3 42.Bf3  1-0

[Event "SLO-chT qual"]
[Site "Kranj"]
[Date "1995.??.??"]
[Round "?"]
[White "Rodman, Franc"]
[Black "Golja, Milan"]
[Result "0-1"]
[WhiteElo "2155"]
[BlackElo "1965"]

1.d4 Nf6 2.c4 e6 3.Nc3 Bb4 4.Nf3 O-O 5.g3 b6 6.Bg2 Bb7 7.O-O h6 8.Bd2 Be7
9.Qc2 c5 10.d5 exd5 11.Nh4 Ne4 12.Nf5 Nxd2 13.Nxe7+ Qxe7 14.Qxd2 Na6 15.Bxd5 Rab8
16.Rfd1 Nb4 17.Bxb7 Rxb7 18.e3 Nc6 19.Qd5 Qe5 20.Qf3 a6 21.Rd5 Qe6 22.Rad1 f6
23.Qe2 Re8 24.R5d2 Ne5 25.Nd5 b5 26.b3 bxc4 27.bxc4 Reb8 28.f4 Nc6 29.Qd3 Nb4
30.Qc3 a5 31.Nxb4 axb4 32.Qd3 Ra8 33.Rb1 Rba7 34.Qe2 Ra3 35.Rb3 Qe4 36.Kf2 Qh1
37.e4 Qxh2+ 38.Kf3 Qxe2+ 39.Rxe2  0-1

[Event "La Coruna TH op"]
[Site "La Coruna"]
[Date "1995.??.??"]
[Round "5"]
[White "Bernal Moro, Luis Javier"]
[Black "Suarez, Diego"]
[Result "1/2-1/2"]
[WhiteElo "2400"]
[BlackElo "2265"]

1.d4 Nf6 2.c4 e6 3.Nf3 Bb4+ 4.Nc3 c5 5.g3 Bxc3+ 6.bxc3 Ne4 7.Qd3 Qa5 8.Bd2 f5
9.Bg2 Nc6 10.O-O O-O 11.d5 Nd8 12.Ng5  1/2-1/2

[Event "Linares zt"]
[Site "Linares"]
[Date "1995.??.??"]
[Round "6"]
[White "Sharif, Mershad"]
[Black "Daly, Colm"]
[Result "1/2-1/2"]
[WhiteElo "2465"]
[BlackElo "2280"]

1.d4 Nf6 2.Nf3 e6 3.c4 Bb4+ 4.Nc3 c5 5.e3 Bxc3+ 6.bxc3 d6 7.Bd3 Nc6 8.O-O e5
9.Nd2 O-O 10.Rb1 Rb8 11.d5 Ne7 12.Qa4 a6 13.Qc2 Kh8 14.f4 Ng4 15.Nf3 f5 16.h3 Nxe3
17.Bxe3 e4 18.Bxe4 fxe4 19.Ng5 Nf5 20.Rfe1 Nxe3 21.Rxe3 Rxf4 22.Rxe4 Rf5
23.Ne6 Bxe6 24.dxe6 Qe7 25.Qd3 Rf6 26.Qd5 b6 27.a4 a5 28.Rd1 h6 29.Re2 Re8
30.Rde1 Rc8 31.Re3 Kg8 32.Rb1 Rb8 33.Qc6 Kh8 34.Rbe1 Kh7 35.Qe4+ Kh8 36.Rf3 Rxf3
37.Qxf3 Rf8 38.Qc6 Rb8 39.Qd7 Re8 40.Re3 Kh7 41.Qc6 Rb8 42.Qe4+ Kg8 43.Rg3 Re8
44.Rg6 Qf8 45.h4 Re7 46.Qe3 Kh8 47.h5  1/2-1/2

[Event "Mar del Plata op"]
[Site "Mar del Plata"]
[Date "1995.??.??"]
[Round "4"]
[White "Zarnicki, Pablo"]
[Black "Rosito, Jorge"]
[Result "1-0"]
[WhiteElo "2520"]
[BlackElo "2325"]

1.Nf3 Nf6 2.c4 e6 3.Nc3 Bb4 4.d4 b6 5.Qb3 a5 6.Bg5 Bb7 7.e3 d6 8.Bd3 h6 9.Bh4 Qe7
10.O-O Bxc3 11.Qxc3 g5 12.Bg3 Nbd7 13.d5 Rg8 14.e4 e5 15.Nd2 h5 16.f3 h4
17.Bf2 Nh5 18.Rfe1 Bc8 19.Nf1 Nc5 20.Be2 g4 21.Bxc5 bxc5 22.fxg4 Bxg4 23.Bxg4 Rxg4
24.Ne3 Rxe4 25.Qc2 Rf4 26.Kh1 Qg5 27.Qa4+ Ke7 28.Qc6 Rc8 29.Qa6 Rd8 30.Qxa5 Rf2
31.Qc3 Nf4 32.Rf1 Re2 33.Rg1 Kd7 34.Rae1 Rg8 35.Qb3 Qg3 36.Qb5+ Ke7 37.Nf5+ Kf6
38.Nxg3 hxg3 39.Rxe2 Rh8 40.h3 Nxh3 41.gxh3 Rxh3+ 42.Kg2  1-0

[Event "Montecatini Terme op"]
[Site "Montecatini Terme"]
[Date "1995.??.??"]
[Round "?"]
[White "Nannelli, Paolo"]
[Black "Drasko, Milan"]
[Result "1/2-1/2"]
[WhiteElo "2280"]
[BlackElo "2505"]

1.d4 Nf6 2.c4 e6 3.Nf3 Bb4+ 4.Nc3 c5 5.e3 O-O 6.Bd3 d5 7.O-O Nc6 8.a3 Bxc3
9.bxc3 dxc4 10.Bxc4 Qc7 11.Bb5 a6 12.Bxc6 Qxc6 13.a4 cxd4 14.cxd4 Bd7 15.Ne5 Qd5
16.f3 b5 17.Ba3 Rfc8 18.e4 Qb7 19.axb5 Bxb5 20.Rf2 Rd8 21.Bb2 Ne8 22.Rc1 Nd6
23.Qb3 Rab8 24.Rfc2 Be8 25.Qe3 Qb3 26.Qf4 h5 27.d5 exd5 28.Nc6 Bxc6 29.Bxg7 Kxg7
30.Qg5+ Kf8 31.Qh6+ Ke8 32.Rxc6 Qb2 33.exd5 Qd4+ 34.Kf1 Qd3+ 35.Ke1 Qd4 36.Kf1 Qd3+
37.Kg1  1/2-1/2

[Event "Montreal op"]
[Site "Montreal"]
[Date "1995.??.??"]
[Round "9"]
[White "Ristovic, Ninad"]
[Black "Djerkovic, Miladin"]
[Result "0-1"]
[WhiteElo "2300"]
[BlackElo "2215"]

1.d4 Nf6 2.c4 e6 3.Nc3 Bb4 4.Nf3 c5 5.g3 cxd4 6.Nxd4 O-O 7.Bg2 Bxc3+ 8.bxc3 d5
9.cxd5 Nxd5 10.Qb3 Nc6 11.Nxc6 bxc6 12.Ba3 Re8 13.O-O Ba6 14.c4 Rb8 15.Qd3 Qc7
16.Bc5 Rbd8 17.Qe4 Ne7 18.Rfd1 Rxd1+ 19.Rxd1 Rc8 20.Bxe7 Qxe7 21.e3 c5 22.Bf1 Bb7
23.Qd3 g6 24.h4 h5 25.Rb1 Rc7 26.Qc2 Rd7 27.Bd3 Qf6 28.f4 Kg7 29.Kh2 Qd8
30.Rb3 Bc6 31.Qb2+ f6 32.Qb1 e5 33.Kh3 Rd6 34.Be2 Rd2 35.Rb2 Bd7+ 36.g4 Rxe2
37.Rxe2 Bxg4+  0-1

[Event "New York op"]
[Site "New York"]
[Date "1995.??.??"]
[Round "3"]
[White "Bezold, Michael"]
[Black "Adianto, Utut"]
[Result "1/2-1/2"]
[WhiteElo "2495"]
[BlackElo "2585"]

1.d4 Nf6 2.c4 e6 3.Nc3 Bb4 4.Nf3 c5 5.g3 b6 6.Bg2 Bb7 7.O-O O-O 8.d5 Bxc3
9.bxc3 Re8 10.Ne1 e5 11.e4 d6 12.a4 Nbd7 13.Nc2 a5 14.Na3 Nf8 15.Ra2 Bc8
16.Nb5 h6 17.Qd3 Ng6 18.Bd2 Ba6 19.Rb2 Qd7 20.Be1 Re7 21.Bd2 Rb8 22.Rfb1 Ne8
23.Qf1 Nf6 24.Bh3 Qd8 25.f3 Ne8 26.Na3 Nf6 27.Nc2 Re8 28.Ne3 Qc7 29.Rb3 Rb7
30.R3b2 Rbb8 31.Rb3 Rb7 32.Qd3 Ne7 33.R3b2 Rbb8 34.Rf1  1/2-1/2

[Event "NLD-chT9596"]
[Site "?"]
[Date "1995.??.??"]
[Round "?"]
[White "Piket, Jeroen"]
[Black "Tjiam, Dharma"]
[Result "0-1"]
[WhiteElo "2670"]
[BlackElo "2295"]

1.d4 Nf6 2.c4 e6 3.Nf3 Bb4+ 4.Nc3 c5 5.g3 cxd4 6.Nxd4 O-O 7.Bg2 d5 8.cxd5 Nxd5
9.Bd2 Nxc3 10.bxc3 Bc5 11.Nb3 Bb6 12.c4 Nc6 13.c5 Bc7 14.Qc2 e5 15.O-O Be6
16.Rfd1 Qe7 17.Bxc6 bxc6 18.Na5 Bxa5 19.Bxa5 f5 20.Rd6 Bd5 21.Qd2 Qf7 22.Bc3 Rae8
23.Re1 h6 24.a4 Qb7 25.Qd3 Rf7 26.Rb1 Qe7 27.Rb4 Qg5 28.Bd2 f4 29.e4 fxe3
30.Bxe3 e4 31.Qd1 Qf5 32.a5 Qc8 33.a6 Ref8 34.Qe2 Kh7 35.Rb2 Qf5 36.Qd1 Rc7
37.Rb7 Rff7 38.Rb8 Rf8 39.Rb4 Qf7 40.Qd4 Re7 41.Qa1 Qh5 42.Rb7 Rff7 43.Rb8 Rd7
44.h4 Be6 45.Kh2 Qg4 46.Qe5 Rde7 47.Rxc6 Rf5 48.Qb2 Rd5 49.Rxe6 Qxe6 50.Rb7 Red7
51.Qc2 Qxa6 52.c6 Rxb7 53.Qxe4+ g6 54.Qxd5 Rc7 55.Bd4 Qxc6 56.Qd8 g5 57.Be5 Rd7
58.Qh8+ Kg6 59.Qe8+ Kf5 60.f3 Rd2+  0-1

[Event "NLD-chT9596"]
[Site "?"]
[Date "1995.??.??"]
[Round "?"]
[White "Lanchava, Tea"]
[Black "Dieks, Roy G"]
[Result "0-1"]
[WhiteElo "2200"]
[BlackElo "2270"]

1.d4 Nf6 2.c4 e6 3.Nc3 Bb4 4.Nf3 O-O 5.g3 b6 6.Bg2 Bb7 7.O-O d6 8.d5 Bxc3
9.bxc3 e5 10.Nd2 Nbd7 11.e4 Nc5 12.Ba3 Nfd7 13.f4 exf4 14.gxf4 Re8 15.Qc2 Ba6
16.Rf3 f5 17.Rh3 Qf6 18.exf5 Re2 19.Bf1 Re7 20.Bxc5 Nxc5 21.Nb3 Rae8 22.Nxc5 dxc5
23.Bd3 Bb7 24.Rd1 c6 25.Bf1 Bc8 26.Rh5 Qf7 27.Rg5 h6 28.Rg3 Bxf5 29.Qf2 Be4
30.d6 Rd7 31.Bh3 Bf5 32.Bg2 Red8 33.Bxc6 Rxd6 34.Rxd6 Rxd6 35.Bd5 Be6 36.Bxe6 Qxe6
37.Qf1 Qf5 38.Rg2 Rd3 39.Rg3 Rd6 40.h3 Qc2 41.Re3 Rd1 42.Re1 Qg6+ 43.Kh2 Rd2+
44.Re2 Qd3  0-1

[Event "NLD-chT9596"]
[Site "?"]
[Date "1995.??.??"]
[Round "?"]
[White "Barsov, Alexei"]
[Black "Brenninkmeijer, Joris"]
[Result "1/2-1/2"]
[WhiteElo "2445"]
[BlackElo "2490"]

1.d4 Nf6 2.c4 e6 3.Nc3 Bb4 4.Nf3 d5 5.Bg5 Nbd7 6.cxd5 exd5 7.Rc1 h6 8.Bxf6 Qxf6
9.a3 Bxc3+ 10.Rxc3 c6 11.Re3+ Kf8 12.g3 Qd6 13.Bg2 Nf6 14.O-O g6 15.Qb3 Kg7
16.Rc1 Rb8 17.Qa4 a6 18.Qa5 Bf5 19.Qc5 Rhd8 20.Qxd6  1/2-1/2

[Event "NLD-chT9596"]
[Site "?"]
[Date "1995.??.??"]
[Round "?"]
[White "Barsov, Alexei"]
[Black "Rogers, Ian"]
[Result "0-1"]
[WhiteElo "2445"]
[BlackElo "2570"]

1.d4 Nf6 2.c4 e6 3.Nc3 Bb4 4.Nf3 d5 5.cxd5 exd5 6.Bg5 Nbd7 7.Rc1 c6 8.e3 O-O
9.Bd3 Be7 10.Qc2 Re8 11.O-O Nf8 12.h3 Be6 13.Bxf6 Bxf6 14.b4 a6 15.a4 Qd6
16.Rb1 h6 17.Rfc1 Bd7 18.b5 a5 19.bxc6 bxc6 20.Bf5 Ne6 21.Ne2 Reb8 22.Nf4 Nxf4
23.Bxd7 Qxd7 24.exf4 Rb4 25.Rxb4 axb4 26.Ne5 Bxe5 27.fxe5 Ra6 28.Rb1 Qb7
29.Qb3 Qa7 30.Qxb4 Rxa4 31.Qd6 Ra1 32.Rxa1 Qxa1+ 33.Kh2 Qxd4 34.e6 Qf6 35.Qb8+ Kh7
36.Qb1+ g6 37.exf7 Qxf7  0-1

[Event "NOR-ch"]
[Site "?"]
[Date "1995.??.??"]
[Round "2"]
[White "Fyllingen, Roy Harald"]
[Black "Gausel, Einar"]
[Result "0-1"]
[WhiteElo "2390"]
[BlackElo "2490"]

1.d4 Nf6 2.c4 e6 3.Nc3 Bb4 4.Nf3 b6 5.g3 Ba6 6.Bg2 Bxc4 7.Nd2 Bd5 8.Nxd5 exd5
9.O-O c6 10.f3 Na6 11.e4 Nc7 12.e5 Ng8 13.f4 f5 14.exf6 Nxf6 15.g4 Bxd2 16.Bxd2 Ne4
17.Be3 Qe7 18.f5 O-O-O 19.Bf4 h5 20.Qa4 a5 21.g5 h4 22.Rf3 h3 23.Bxh3 Nxg5
24.Bxg5 Qxg5+ 25.Rg3 Qh4 26.Rc1 Kb7 27.Rc2 Nb5 28.Rd2 Rde8 29.Bf1 Re1 30.Rxg7 Qh3
31.Rgg2 Qe3+ 32.Rdf2 Nxd4 33.Kh1 Qd3 34.Rg1 Qe4+ 35.Rgg2 Rg8  0-1

[Event "NOR-ch"]
[Site "?"]
[Date "1995.??.??"]
[Round "4"]
[White "Fyllingen, Roy Harald"]
[Black "Bern, Ivar"]
[Result "1/2-1/2"]
[WhiteElo "2390"]
[BlackElo "2360"]

1.d4 Nf6 2.c4 e6 3.Nc3 Bb4 4.Nf3 c5 5.g3 b6 6.Bg2 Bb7 7.O-O cxd4 8.Qxd4 Nc6
9.Qf4 Bxc3 10.bxc3 Na5 11.Ba3 Rc8 12.Ne5 Bxg2 13.Kxg2 Qc7 14.Rfd1 Nxc4 15.Rxd7 Qxd7
16.Nxd7 Nxd7 17.Rd1 Nxa3 18.Qa4 Rc7 19.Qxa3 Nc5 20.Qb4 O-O 21.Qf4 Rcc8 22.Rd4 Rfe8
23.Qg5 h6 24.Qh5 e5 25.Rd6 Rc7 26.Qg4 Kf8 27.Qf5 Kg8 28.h4 Rce7 29.Rc6 Ne6
30.a4 f6 31.Qg4 Kf7 32.Qc4 Kf8 33.Kh3 Nd8 34.Rc8 Ne6 35.Rxe8+ Kxe8 36.h5 Kf7
37.Kg4 Rc7 38.Qd5 Re7 39.Kf5 Re8 40.e3 Re7 41.f4 exf4 42.gxf4 Re8 43.e4 Re7
44.e5 fxe5 45.Kxe5 Kf8 46.Qxe6 Rxe6+ 47.Kxe6 Ke8 48.f5 Kf8 49.f6 gxf6 50.Kxf6 Ke8
51.Kg6 Ke7 52.Kxh6 Kf6 53.Kh7 Kf7 54.h6 a6 55.c4 a5 56.Kh8 Kf8  1/2-1/2

[Event "Noyabrsk"]
[Site "Noyabrsk"]
[Date "1995.??.??"]
[Round "7"]
[White "Moskalenko, Viktor"]
[Black "Abramovic, Bosko"]
[Result "1-0"]
[WhiteElo "2525"]
[BlackElo "2520"]

1.d4 Nf6 2.c4 e6 3.Nc3 Bb4 4.Nf3 c5 5.e3 O-O 6.Be2 Nc6 7.O-O d5 8.cxd5 exd5
9.dxc5 Bxc5 10.b3 a6 11.Na4 Ba7 12.Ba3 Re8 13.Bc5 Bxc5 14.Nxc5 Bg4 15.Rc1 Qb6
16.Nd4 Nxd4 17.Bxg4 Ne6 18.Nxe6 fxe6 19.Bf3 Rac8 20.Qd2 a5 21.g3 Qb4 22.Qxb4 axb4
23.Rxc8 Rxc8 24.Rd1 Rc6 25.Rd4 Rb6 26.Bg2 Kf8 27.f4 Ke7 28.e4 Rc6 29.exd5 exd5
30.Bf3 Rc1+ 31.Kf2 Rc2+ 32.Ke3 Rc3+ 33.Ke2 Rc2+ 34.Ke3 Rc3+ 35.Rd3 Rc5 36.g4 Kd6
37.g5 Ne8 38.Rd4 Rb5 39.Be2 Rb6 40.Bd3 h6 41.h4 Nc7 42.f5 hxg5 43.hxg5 Ke5
44.Rh4 d4+ 45.Rxd4  1-0

[Event "Noyabrsk"]
[Site "Noyabrsk"]
[Date "1995.??.??"]
[Round "10"]
[White "Moskalenko, Viktor"]
[Black "Zagrebelny, Sergey"]
[Result "1-0"]
[WhiteElo "2525"]
[BlackElo "2510"]

1.d4 Nf6 2.c4 e6 3.Nc3 Bb4 4.Nf3 c5 5.e3 Nc6 6.Be2 Bxc3+ 7.bxc3 d6 8.Qc2 e5
9.dxc5 dxc5 10.e4 h6 11.Nd2 Ne7 12.Nf1 Ng6 13.Ne3 Nf4 14.O-O Qa5 15.Nd5 Nxe2+
16.Qxe2 Nxd5 17.cxd5 Qa4 18.c4 b6 19.Bb2 Ba6 20.Rac1 O-O 21.Bxe5 Rad8 22.Rfd1 f5
23.exf5 Rxf5 24.Bxg7 Rd6 25.Ba1 Rg6 26.g3 Qd7 27.Qb2 Qh7 28.Re1 Kf8 29.Re3 Bc8
30.Rce1 Bd7 31.Qe2 Kg8 32.Re7 Rf7 33.Rxd7  1-0

[Event "CRO-chT2"]
[Site "Opatija"]
[Date "1995.??.??"]
[Round "?"]
[White "Brumen, Dinko"]
[Black "Damjanovic, Mato"]
[Result "1/2-1/2"]
[WhiteElo "2325"]
[BlackElo "2330"]

1.d4 Nf6 2.c4 e6 3.Nc3 Bb4 4.Nf3 c5 5.g3 O-O 6.Bg2 d5 7.O-O Nc6 8.cxd5 exd5
9.Bg5 Bxc3 10.bxc3 h6 11.Bxf6 Qxf6 12.dxc5 Qxc3 13.Qxd5 Be6 14.Qh5 Rad8 15.e4 Rd3
16.Rac1 Qb2 17.Rb1 Qa3 18.Nh4 Rc3 19.f4 Rxc5 20.Qf3 Qxf3 21.Nxf3 b6 22.Rfc1 Bxa2
23.Rxc5 bxc5 24.Rc1 c4 25.Bf1 Rb8 26.Bxc4 Bxc4 27.Rxc4 Rb6 28.e5 a5 29.Nd4 Nxd4
30.Rxd4 Ra6 31.Ra4 Kf8 32.Kf2 Ke7 33.Ke3 Kd7 34.Kd4 Kc6 35.Kc4 Ra7 36.g4 g5
37.f5 Ra8 38.h3 Ra7 39.Kd4 Rd7+ 40.Ke4 Ra7 41.Rc4+ Kb5 42.Rc1 a4 43.e6 fxe6
44.fxe6 a3 45.Ke5 a2 46.Ra1 Kc6 47.Kf6 Ra3 48.e7 Rf3+ 49.Ke6 Re3+ 50.Kf7 Rf3+
51.Ke8 Ra3 52.Kf8 Rf3+ 53.Kg7 Kd7 54.Kxh6 Rxh3+ 55.Kxg5 Rh2 56.Re1 Ke8 57.Kf6 Rh6+
58.Ke5 Ra6 59.Ra1  1/2-1/2

[Event "Passau op"]
[Site "Passau"]
[Date "1995.??.??"]
[Round "?"]
[White "Stocek, Jiri"]
[Black "Balashov, Yuri S"]
[Result "1/2-1/2"]
[WhiteElo "2480"]
[BlackElo "2505"]

1.d4 Nf6 2.c4 e6 3.Nc3 Bb4 4.Nf3 c5 5.g3 O-O 6.Bg2 d6 7.O-O Bxc3 8.bxc3 Qe7
9.Bf4 Rd8 10.Qc2 Nc6 11.Rfd1 d5 12.Ne5 Bd7 13.Bg5 h6 14.Bxf6 Qxf6 15.cxd5 Nxe5
16.dxe5 Qxe5 17.dxe6 Bxe6 18.Bxb7 Rab8 19.Bf3 Bf5 20.e4 Bg6 21.Rac1 Re8 22.Qa4 Rb2
23.Rd5 Qe7 24.e5 Reb8 25.h4 Bf5 26.Qa3 Be6 27.Rxc5 Qd7 28.c4 Qd4 29.Qe3 Qxe3
30.fxe3 Rxa2 31.Rb5 Rxb5 32.cxb5 Rb2 33.Bc6 Kf8 34.Ra1 Ba2 35.Rd1 Rb1 36.Rxb1 Bxb1
37.Kf2 Ke7 38.Kf3 Ke6 39.Be8 Kxe5 40.Bxf7 Be4+ 41.Kg4 Bd3 42.Kh5 Kf6 43.Be8 Be2+
44.g4  1/2-1/2

[Event "World op"]
[Site "Philadelphia"]
[Date "1995.??.??"]
[Round "8"]
[White "Leverett, Bruce W"]
[Black "Umezinwa, George"]
[Result "1-0"]
[WhiteElo "2265"]
[BlackElo "2305"]

1.d4 Nf6 2.c4 e6 3.Nc3 Bb4 4.Nf3 b6 5.e3 Bb7 6.Bd3 Bxc3+ 7.bxc3 O-O 8.O-O d6
9.Ne1 c5 10.f3 Nbd7 11.e4 Ne8 12.Qe2 g6 13.Bh6 Ng7 14.Nc2 f6 15.Rae1 Qe7
16.Qf2 e5 17.d5 Rf7 18.g4 Nf8 19.Ne3 Bc8 20.Kh1 Qb7 21.Rg1 Qe7 22.Rg3 Rb8
23.Reg1 g5 24.Nf5 Bxf5 25.gxf5 Nh5 26.Rg4 Nd7 27.h4 Kh8 28.hxg5 fxg5 29.Rxg5 Ndf6
30.Qh4 Nf4 31.Bf1 a6 32.a4 Ng8 33.Qh2 Nxh6 34.Qxh6 Rf6 35.Qh2 Qf8 36.R5g4 Rf7
37.Rh4 Qe8 38.Rh6 Qe7 39.Rg4 Rg8 40.Rhh4 Qd7 41.Rxg8+ Kxg8 42.Rg4+ Rg7 43.Qh4 h5
44.Rxg7+ Kxg7 45.Qg5+ Kf7 46.f6 Ng6 47.Qxh5 Qd8 48.f4 exf4 49.e5 dxe5 50.Bd3 Qxf6
51.Qh7+ Kf8 52.Qxg6 Qh4+ 53.Kg2 Qe1 54.d6 Qe3 55.d7 f3+ 56.Kf1 Qc1+ 57.Kf2 Qd2+
58.Kxf3 Qf4+ 59.Ke2 Qh2+ 60.Kd1  1-0